Nem menekült meg a magyar adás, ismét előállhat a tavalyi helyzet interjú Nagy Ildikóval, a Szlovák Rádió nemzetiségi adójának távozó igazgatójával ...

Bibliographic Details
Main Authors: Lajos, János P. (Author, Interviewer), Nagy, Ildikó, 1952- (Author)
Format: Article
Language:Hungarian
PhysicalDescription:Fotogr.
ISSN:1335-7050
Subjects:

MARC

LEADER 00000nab a2200000 ar4500
001 vtls009178964
003 SK-MaSNL
005 20260318124412.0
008 080128c20080122xo |||||||| 000 b|hun
015 |a SNBRB2008/01  |2 snkbucl 
038 |a SNKBUCL 
040 |a DSZK  |b slo  |c DSZK  |e AACR2 
041 0 |a hun 
044 |a xo  |c SK 
080 |a 654.191  |x (=511.141)  |x (437.6)  |2 1997 
100 1 |a Lajos, János P.  |4 ivr  |4 aut  |9 841807 
245 1 0 |a Nem menekült meg a magyar adás, ismét előállhat a tavalyi helyzet  |b interjú Nagy Ildikóval, a Szlovák Rádió nemzetiségi adójának távozó igazgatójával ...  |c [beszélgetett] Lajos P. János 
300 |b Fotogr. 
500 |a Ďalšie informácie na s. 1 pod názvom Nagy Ildikó távozik a Pátria rádió éléről 
600 1 7 |a Nagy, Ildikó,  |d 1952-  |2 snkbucl  |9 834472 
610 2 7 |a Slovenský rozhlas.  |b Rádio Patria  |2 snkbucl  |9 235104 
651 7 |a Bratislava (Slovensko)  |2 snkbucl  |9 14568 
655 7 |a rozhovory  |2 snkbucl  |9 31831 
700 1 |a Nagy, Ildikó,  |d 1952-  |4 ive  |4 aut  |9 834472 
773 0 |t Új szó  |g Évf. 61, sz. 18 (22.1.2008), o. 2  |x 1335-7050 
852 |a SNK  |b KIS3GCP 
852 |a DSZK  |b KIS3GCP 
958 |a HU 
958 |a SK 
999 |c 2549561  |d 2551491